| 000 | 00456nam a2200133Ia 4500 | ||
|---|---|---|---|
| 008 | 220216s9999 xx 000 0 und d | ||
| 100 | _aSebastian M.S. | ||
| 245 | 0 | _aLatex processing practices for better efficiency and economy | |
| 260 |
_bSeminar on Latex Processing, 1 July 1994, Department of Processing and Product Development, Rubber Board, Kottayam, India. _c1994 |
||
| 650 | _aCentrifuging | ||
| 650 | _aCreaming | ||
| 650 | _aLatex | ||
| 942 | _cBS | ||
| 999 |
_c52900 _d52900 |
||